Το microsoft project 4.0 για windows σε απλά μαθήματα
Saved in:
| Main Author: | |
|---|---|
| Other Authors: | , |
| Format: | Book |
| Language: | Greek |
| Published: |
Αθήνα :
Γκιούρδας,
1994
|
| Subjects: | |
| Tags: |
Add Tag
No Tags, Be the first to tag this record!
|
MARC
| LEADER | 00000nam a2200000 i 4500 | ||
|---|---|---|---|
| 001 | 1/19165 | ||
| 008 | 010404s1994 gre d | ||
| 020 | |a 1-56276-226-5 | ||
| 035 | |l 10066754 | ||
| 040 | |a GR-MY-UA |b gre |e aacr | ||
| 041 | 0 | |a gre | |
| 082 | 0 | |a 658.404028 | |
| 100 | 1 | |a Kulik, Robert Nichols. | |
| 245 | 1 | 3 | |a Το microsoft project 4.0 για windows σε απλά μαθήματα / |c Robert Nichols Kulik, Adam Wilcox ; απόδοση Γιάννης Β. Σαμαράς |
| 260 | |a Αθήνα : |b Γκιούρδας, |c 1994 | ||
| 300 | |a 324 σ. |e 1 δισκέτα | ||
| 630 | 0 | 0 | |a Microsoft Project. |
| 650 | 0 | 0 | |a Project management |x Computer programs. |
| 700 | 1 | |a Wilcox, Adam. | |
| 700 | 1 | |4 trl |a Σαμαράς, Γιάννης Β. | |
| 852 | |a INST |b RHODES |e 20010404 |h 658.404028 KUL |p 005400016996 |q 005400016996 |t BK |y 0 | ||
| 901 | |a BIBL4-2001-1 | ||
| 909 | |a Ρ |b 065128 | ||
| 922 | |a 4ΕΛΗ |b 199903 |c ΤΣΟΛΑΚΙΔΗΣ |d EMVASIS | ||
| 970 | |a ΚΟΥΛΑΚΙΟΤΗ |b ΛΙΤΣΑ |z 2001/04/04 | ||